Diversidad florística y fitogeográfica de la Amazonia (Registro nro. 11079)

Detalles MARC
000 -CABECERA
Campo de control 003860000a22001450004500
090 ## - CLASIFICACIÓN LOCAL
Colección AR
Consecutivo 02002
041 0# - IDIOMA
Código de idioma para texto/pista de sonido o título separado
100 1# - ASIENTO PRINCIPAL--NOMBRE PERSONAL
Nombre personal Gentry, Alwyn H.
245 10 - MENCION DE TITULO
Título Diversidad florística y fitogeográfica de la Amazonia
650 14 - ASIENTO SECUNDARIO DE MATERIA - TERMINO TEMATICO
Término temático o nombre geográfico como elemento de entrada Botánica
650 14 - ASIENTO SECUNDARIO DE MATERIA - TERMINO TEMATICO
Término temático o nombre geográfico como elemento de entrada Fitogeografía
650 14 - ASIENTO SECUNDARIO DE MATERIA - TERMINO TEMATICO
Término temático o nombre geográfico como elemento de entrada Amazonía
773 1# - Item fuente:
Título Preprint
Especificación de materiales 3
Paginas del Articulo 65-70
Lugar, editorial y fecha de publicación 1990?
942 ## - ELEMENTOS ADICIONALES (KOHA)
Tipo de ítem Artículo
Existencias
Withdrawn status Lost status Damaged status No para préstamo Colección Ubicación Permanente Ubicación actual Fecha de adquisición Datos de publicación Seriada Total Checkouts Número topográfico Inventario / Código de Barras Date last seen Ejemplar Price effective from Forma de adquisición Tipo de material
      No para Préstamo Hemeroteca Bogotá Bogotá 27/02/2015 Fuera de circulación   AR 02002 012376 25/03/2015 1 25/03/2015   Artículo